00818nam a2200169 a 4500008004100000050002300041100001800064245016600082260003900248300003300287650004400320650002700364650003600391995008000427999001700507952012400524220301s2019 ||||||||||||||||| || u a CBU-PG THESIS/MVU aMvula, Simon 10aInvestigating the influence of Corporate Social Responsibility on Employee Commitment and Employee Job engagement in the Energy Sector in ZambiacBy Simon Mvula  aKitwebCopperbelt Universityc2019 axi, 98 Pages : illustrations aEMPLOYEE JOB ENGAGEMENT - ENERGY SECTOR aENERGY SECTOR IN ZAMBA aCORPORATE SOCIAL RESPONSIBILITY FCBU-MAIN LIBRARY (Kitwe)M1UAVAILABLEWJun 28, 2022ZUniversity Collection c48181d48181 00102lcc4070a001b001cUniversity Collectiond2022-11-30l0o CBU-PG THESIS/MVUpB4866r2022-11-30w2022-11-30y002